Deutsche Großstädte 2023 - Statistiken

Allgemein
  • Dieses Quiz wurde 147 mal gespielt
  • Das Durchschnittsergebnis liegt bei 61 aus 83
Antwortstatistiken
Hint Antwort % Korrekt
3.782.202 Berlin
100%
775.790 Frankfurt am Main
99%
1.910.160 Hamburg
98%
1.087.353 Köln
98%
1.510.378 München
97%
633.484 Stuttgart
97%
566.222 Dresden
95%
548.186 Hannover
94%
248.873 Kiel
94%
619.879 Leipzig
93%
577.026 Bremen
92%
595.471 Dortmund
91%
633.484 Düsseldorf
90%
586.608 Essen
90%
526.091 Nürnberg
89%
187.119 Potsdam
86%
316.877 Mannheim
85%
210.795 Rostock
85%
183.509 Saarbrücken
85%
265.885 Gelsenkirchen
83%
204.687 Kassel
83%
240.114 Magdeburg
82%
222.889 Mainz
82%
303.150 Augsburg
80%
366.385 Bochum
80%
215.675 Erfurt
80%
309.964 Karlsruhe
80%
252.769 Aachen
79%
338.410 Bielefeld
79%
335.789 Bonn
79%
252.066 Braunschweig
79%
237.244 Freiburg im Breisgau
79%
250.681 Chemnitz
78%
110.791 Jena
78%
219.044 Lübeck
78%
322.904 Münster
78%
127.256 Wolfsburg
78%
129.942 Ulm
77%
503.707 Duisburg
76%
285.522 Wiesbaden
76%
358.938 Wuppertal
76%
242.172 Halle (Saale)
75%
142.308 Ingolstadt
75%
166.414 Leverkusen
75%
166.960 Osnabrück
74%
159.465 Regensburg
72%
114.677 Bremerhaven
71%
268.943 Mönchengladbach
71%
164.792 Darmstadt
70%
162.960 Heidelberg
69%
155.749 Paderborn
69%
132.032 Fürth
68%
211.099 Oberhausen
67%
112.737 Trier
67%
100.010 Cottbus
66%
157.896 Herne
66%
115.298 Koblenz
66%
176.110 Ludwigshafen am Rhein
66%
135.490 Offenbach am Main
66%
174.629 Oldenburg
66%
128.246 Würzburg
66%
101.486 Kaiserslautern
64%
180.761 Hamm
61%
228.550 Krefeld
61%
155.163 Neuss
60%
117.806 Erlangen
59%
120.261 Göttingen
59%
190.490 Hagen
59%
105.039 Salzgitter
59%
161.545 Solingen
59%
130.093 Heilbronn
55%
102.114 Siegen
55%
103.184 Hanau
51%
112.970 Remscheid
51%
112.660 Bergisch Gladbach
49%
118.705 Bottrop
49%
173.255 Mülheim an der Ruhr
49%
111.693 Recklinghausen
49%
102.325 Hildesheim
48%
102.464 Gütersloh
47%
118.528 Reutlingen
47%
105.606 Moers
46%
128.992 Pforzheim
44%
Keine übereinstimmenden Quizze gefunden
Verteilung der Resultate
Anzahl Personen mit jedem Resultat
Perzentil nach korrekt beantworteten Fragen
Ihre Resultats-Entwicklung
Sie haben dieses Quiz noch nicht gespielt